The power of feedback : (Record no. 23658)
[ view plain ]
| 000 -LEADER | |
|---|---|
| fixed length control field | 00659nam a2200181 a 4500 |
| 005 - DATE AND TIME OF LATEST TRANSACTION | |
| control field | 20140310183457.0 |
| 008 - FIXED-LENGTH DATA ELEMENTS--GENERAL INFORMATION | |
| fixed length control field | 091109s19uu xx 00 eng d |
| 020 ## - INTERNATIONAL STANDARD BOOK NUMBER | |
| International Standard Book Number | 13:9780471998204 |
| 050 ## - LIBRARY OF CONGRESS CALL NUMBER | |
| Classification number | HD 30.3 |
| Item number | .F65 2006 |
| 100 ## - MAIN ENTRY--PERSONAL NAME | |
| Personal name | Folkman, Jospeh R. |
| 245 ## - TITLE STATEMENT | |
| Title | The power of feedback : |
| Remainder of title | 35 principles for turning feedback from others into personal and professional change / |
| Statement of responsibility, etc | Joseph R. Folkman. |
| 260 ## - PUBLICATION, DISTRIBUTION, ETC. (IMPRINT) | |
| Place of publication, distribution, etc | New Jersey : |
| Name of publisher, distributor, etc | John Wiley & Sons, Inc, |
| Date of publication, distribution, etc | c2006. |
| 300 ## - PHYSICAL DESCRIPTION | |
| Extent | 202 p. : |
| Other physical details | ill. ; |
| Dimensions | 23 cm. |
| 521 ## - TARGET AUDIENCE NOTE | |
| Target audience note | |
| 650 ## - SUBJECT ADDED ENTRY--TOPICAL TERM | |
| Topical term or geographic name as entry element | Communication in organizations. Feedback (Psychology). Organizational Change. |
| 942 ## - ADDED ENTRY ELEMENTS (KOHA) | |
| Koha item type | Books |
| Source of classification or shelving scheme | Library of Congress Classification |
| Call number prefix | Foreign |
| Withdrawn status | Lost status | Source of classification or shelving scheme | Damaged status | Home library | Current library | Shelving location | Date acquired | Source of acquisition | Cost, normal purchase price | Total Checkouts | Full call number | Barcode | Date last seen | Date checked out | Copy number | Price effective from | Koha item type |
|---|---|---|---|---|---|---|---|---|---|---|---|---|---|---|---|---|---|
| Library of Congress Classification | College Library | College Library | General Circulation Section | 11/09/2009 | Donation | 1790.00 | 1 | HD 30.3 .F65 2006 | C10705 | 05/15/2018 | 11/26/2015 | 1 | 10/18/2013 | Books |